00866nam a22002177a 4500003000400000005001700004008004100021020001800062040001400080100002800094245021100122260004600333300001100379490002300390650007400413650003400487700002600521700002200547710003100569710004800600OSt20151016133001.0130603s2007 sp ||||| |||| 00| 0 cat d a9788439375999 cCDMRbcat1 aScolari, Carlos Alberto13aEl canvi digital als mitjans de proximitatb: les transformacions generades per la introducció de les tecnologies digitals [...]cequip investigador, Carlos Scolari, José Manuel Jarque, Cristina Perales aBarcelonabGeneralitat de Catalunyac2007 a109 p. aLexikon. Papersv304aMitjans de comunicació de massa localsxInnovacions tecnològiques04aTecnologia de la informació1 aJarque, José Manuel1 aPerales, Cristina1 aCatalunyab -- Generalitat2 aAssociació Catalana de la Premsa Comarcal